000 00497nam a2200169 a 4500
005 20140412111317.0
008 010320s19uu xx 00 eng d
020 _a0-394-83593-X
050 _aER
_bMu88
245 _aMuppets in my nieghborhood /
_cillustrator Harry McNaught.
260 _a[s.l.] :
_bRandom House/CTW,
_c[n.d.]
300 _a1 v. (unp.) ; ill.
440 _aCTW/Sesame Street
500 _aFeaturing Jim Henson's Muppets
650 _aNeighborhood - Fiction
999 _c104281
_d104281